Escritos Paulinos

Guardat en:
Dades bibliogràfiques
Autor principal: Sánchez Bosch, Jorge (Autor)
Format: Llibre
Idioma:espanyol
Publicat: Pamplona Verbo Divino 1998
Col·lecció:Colección Introducción al Estudio de la Biblia, 7
Matèries:
Etiquetes: Afegir etiqueta
Sense etiquetes, Sigues el primer a etiquetar aquest registre!

MARC

LEADER 00000cam a2200000 a 4500
001 UCP3584
003 CL-VaPUC
008 990625e19980000SP |||||||||||||||||spa|d
082 0 4 |a 227  |b SAN  |2 21 
100 0 |a Sánchez Bosch, Jorge  |e author  |9 430935 
245 1 0 |a Escritos Paulinos 
300 |a 525 p 
942 |c BK 
945 |d 19990625 00:00:00  |a rbrito 
260 |a Pamplona  |b Verbo Divino  |c 1998 
650 0 |a Biblia  |9 257603 
650 0 |a Textos sagrados   |9 257605 
650 0 |a Crítica e interpretación   |9 255042 
583 |a last modification  |c 20160819 10:52:36  |k Rodrigo Vera 
490 0 |a Colección Introducción al Estudio de la Biblia, 7 
999 |c 281851  |d 281849 
952 |0 0  |1 0  |4 0  |6 227_000000000000000_SAN_1998  |7 0  |8 A  |9 322895  |a BIBTEO  |b BIBTEO  |d 2019-11-20  |i 3522261  |l 1  |o 227 SAN 1998  |p 3522261  |r 2025-01-17  |s 2022-08-29  |w 2019-11-20  |y BK  |k ICR 
952 |0 0  |1 0  |3 erd  |4 0  |6 227_000000000000000_SAN_1998  |7 0  |8 A  |9 322896  |a BIBTEO  |b BIBTEO  |i 5338948  |l 3  |o 227 SAN 1998  |p 5338948  |r 2025-01-17  |s 2024-08-09  |w 2019-11-20  |y BK  |z Catalogado en:20160819  |k ICR